Recyklace baterií jako velký nápad

Kobalt, nikel a lítium sú veľmi žiadané minerály pre vývoj batérií a elektrických vozidiel. Dôsledná recyklácia starých batérií môže byť zdrojom tohto materiálu, ako to demonštruje závod na recykláciu Redwood Materials v Nevade.

Uložené v:
Podrobná bibliografia
Hlavný autor: Sedláček, Karel
Médium: Kapitola
Jazyk:Czech
Predmet:
Tagy: Pridať tag
Žiadne tagy, Buďte prvý, kto otaguje tento záznam!

MARC

LEADER 00000naa a2200000 4500
001 0302992
005 20260326123501.6
041 0 |a cze 
044 |a CZ 
245 1 0 |a Recyklace baterií jako velký nápad  |c Karel Sedláček 
520 |a Kobalt, nikel a lítium sú veľmi žiadané minerály pre vývoj batérií a elektrických vozidiel. Dôsledná recyklácia starých batérií môže byť zdrojom tohto materiálu, ako to demonštruje závod na recykláciu Redwood Materials v Nevade. 
610 2 0 |a elektromobily 
610 2 0 |a inovácia 
610 2 0 |a recyklácia odpadu 
610 2 0 |a batérie elektrické 
100 1 |a Sedláček, Karel